000 00341nam a2200145Ia 4500
008 230718s9999 xx 000 0 und d
041 _aEng.
082 _a340.59
_bM.A-H
100 _aM.A.Coulsm N.J
245 0 _ahistory of islamic law
260 _aPakistan
_buniversity of london
_c2012
300 _a226
650 _aLaw
999 _c30178
_d30178